The American family: a sociological interpretation (Record no. 7184)

000 -LEADER
fixed length control field 00463 a2200145 4500
040 ## - CATALOGING SOURCE
Original cataloging agency DLC
Language of cataloging DLC
082 ## - DEWEY DECIMAL CLASSIFICATION NUMBER
Classification number 301.420973
100 ## - MAIN ENTRY--PERSONAL NAME
Personal name Adams, Bert N.
245 ## - TITLE STATEMENT
Title The American family: a sociological interpretation
Statement of responsibility, etc. a sociological interpretation
Medium Bert N, Adams
260 ## - PUBLICATION, DISTRIBUTION, ETC.
Place of publication, distribution, etc. Islamabad:
Name of publisher, distributor, etc. National Book Foundation,
Date of publication, distribution, etc. 1971.
300 ## - PHYSICAL DESCRIPTION
Extent xv, 382 p.
Other physical details ill.
Dimensions 24 cm.
500 ## - GENERAL NOTE
General note Includes Index
650 ## - SUBJECT ADDED ENTRY--TOPICAL TERM
Topical term or geographic name entry element Family --United States.
942 ## - ADDED ENTRY ELEMENTS (KOHA)
Koha item type Book
Call number prefix 301.420973 ADA
Source of classification or shelving scheme
Holdings
Withdrawn status Lost status Damaged status Not for loan Collection code Permanent Location Current Location Shelving location Date acquired Source of acquisition Cost, normal purchase price Total Checkouts Full call number Barcode Date last seen Price effective from Koha item type
          Central Library (CL) Central Library (CL) General Stacks 08/20/2008 Donation 0.00   301.420973 ADA SEECS009237 11/14/2012 01/05/2017 Book
          Central Library (CL) Central Library (CL) General Stacks 08/20/2008 Donation 0.00   301.420973 ADA SEECS009238 11/14/2012 01/05/2017 Book
© 2023 Central Library, National University of Sciences and Technology. All Rights Reserved.